000 01176nam a2200229Ia 4500
001 L261-18328
003 IT-CnALBA
008 170116s9999||||xx |||||||||||||| ||und||
040 _aIT-CnALBA
_cIT-CnALBA
041 _aITALIANO
100 _aTHILS GUSTAVE
245 0 _aTEOLOGIA E REALTÀ SOCIALE.
250 _a1a ed.
260 _aCINISELLO BALSAMO (MI)
_bEDIZIONI PAOLINE
_c1957 [1° Ed.:1957]
300 _a277 p.
500 _aTRADUZIONE DAL FRANCESE DI D. CARLO M. RICHELMI. TEOLOGIA E SOCIETÀ UMANE. SITUAZIONI STORICHE. LA TRINITÀ E LE SOCIETÀ. CREAZIONE DELLE SOCIETÀ. FINALITÀ. PECCATO E DISORDINE. SATANA. REDENZIONE. CRISTO RE. CHIESA E SOCIETÀ. ERRORI TEOLOGICI. CONFRONTA D
501 _aSocietà San Paolo EM - Piazza San Paolo, 14 - 12051 ALBA (CN) (non commercial uses only) ® Copyright 2017
520 _aTRADUZIONE DAL FRANCESE DI D. CARLO M. RICHELMI. TEOLOGIA E SOCIETÀ UMANE. SITUAZIONI STORICHE. LA TRINITÀ E LE SOCIETÀ. CREAZIONE DELLE SOCIETÀ. FINALITÀ. PECCATO E DISORDINE. SATANA. REDENZIONE. CRISTO RE. CHIESA E SOCIETÀ. ERRORI TEOLOGICI. CONFRONTA D
650 _aTEOLOGIA SOCIALE
942 _cBK
957 _71
999 _a23074
_bNO
_g Copie: 1
_c277459
_d277459